<?xml version="1.0" encoding="UTF-8"?>
<collection xmlns="http://www.loc.gov/MARC21/slim">
 <record>
  <leader>00845nam a22001691  4500</leader>
  <controlfield tag="001">1/12702</controlfield>
  <controlfield tag="008">980428s1989    gr             000 0gre d</controlfield>
  <datafield tag="035" ind1=" " ind2=" ">
   <subfield code="l">13144</subfield>
  </datafield>
  <datafield tag="040" ind1=" " ind2=" ">
   <subfield code="a">GR-PeUP</subfield>
  </datafield>
  <datafield tag="082" ind1="0" ind2="0">
   <subfield code="a">305.23 ΔΟ</subfield>
  </datafield>
  <datafield tag="245" ind1="1" ind2="0">
   <subfield code="a">Ελληνίκη νεολαία (Εκπαίδευση, Απασχόληση, Ελεύθερος χρόνος) Ε'Πανελλήνιο Συνέδριο της Ελληνικής Εταιρείας Κοινωνικών Επιστημών:</subfield>
   <subfield code="b">πρακτικά/</subfield>
   <subfield code="c">Τέσσα Δούλκερη επιμ.</subfield>
  </datafield>
  <datafield tag="260" ind1=" " ind2=" ">
   <subfield code="a">Αθήνα:</subfield>
   <subfield code="b">Παπαζήση,</subfield>
   <subfield code="c">1989.</subfield>
  </datafield>
  <datafield tag="300" ind1=" " ind2=" ">
   <subfield code="a">196σ.:</subfield>
   <subfield code="b">πίνακ.;</subfield>
   <subfield code="c">18εκ.</subfield>
  </datafield>
  <datafield tag="650" ind1=" " ind2="4">
   <subfield code="a">Εκπαίδευση.</subfield>
  </datafield>
  <datafield tag="650" ind1=" " ind2="4">
   <subfield code="a">Ελεύθερος χρόνος.</subfield>
  </datafield>
  <datafield tag="650" ind1=" " ind2="4">
   <subfield code="a">Απασχόληση.</subfield>
  </datafield>
  <datafield tag="852" ind1=" " ind2=" ">
   <subfield code="a">INST</subfield>
   <subfield code="b">UNIPILB</subfield>
   <subfield code="c">MAIN</subfield>
   <subfield code="e">20040709</subfield>
   <subfield code="h">305.23 ΔΟ</subfield>
   <subfield code="p">00128069</subfield>
   <subfield code="q">00128069</subfield>
   <subfield code="t">LOAN</subfield>
   <subfield code="y">0</subfield>
   <subfield code="4">1</subfield>
  </datafield>
 </record>
</collection>
